| 000 | 00916nam a2200217 4500 | ||
|---|---|---|---|
| 001 | 36978 | ||
| 003 | BD-RjUL | ||
| 005 | 20211209052550.0 | ||
| 008 | 140928b1990 bg a|||| ||| 00| 0 ben d | ||
| 035 | _a(BD-RjUL)37080 | ||
| 040 |
_aBD-RjUL _bben _cBD-RjUL |
||
| 041 | _aben | ||
| 082 |
_221 _a346.0137 _bRAN 1990 |
||
| 100 |
_aরহমান, গাজী শামসুর _9112981 |
||
| 245 |
_aনারী প্রসঙ্গে বাংলাদেশের আইনের ভাষ্য / _bগাজী শামসুর রহমান |
||
| 260 |
_aঢাকা: _bএসোসিয়েসন ফর সোশাল এ্যাডভান্সমেন্ট, _c১৯৯০. |
||
| 300 |
_a[৪],৪৫৬ পৃ. : _bচিত্র ; _c২২সেমি. |
||
| 650 |
_aনারী আইন _xবাংলাদেশ _9112982 |
||
| 650 |
_aWomen Law _zBangladesh _9112983 |
||
| 942 |
_2ddc _cBK |
||
| 999 |
_c36978 _d36978 |
||